Elden Ring: All Dragon Bosses - Statistics

General Stats
  • This quiz has been taken 33 times
  • The average score is 12 of 16
Answer Stats
Hint Answer % Correct
Jagged Peak Summit Bayle, the Dread
100%
Farum Azula Dragonlord Placidusax
94%
Agheel Lake Flying Dragon Agheel
94%
Deeproot Depths Lichdragon Fortissax
94%
Mountaintops of the Giants Borealis, the Freezing Fog
83%
Gravesite Plains Ghostflame Dragon
72%
Cerulean Coast Ghostflame Dragon
72%
Moorth Highway Ghostflame Dragon
72%
3 sisters/Cathedral of Manus Celes Glintstone Dragon Adula
67%
Liurnia of the Lakes Glintstone Dragon Smarag
67%
Ruin Strewn Precipice Magma Wyrm Makar
67%
Altus Plateau Ancient Dragon Lansseax
61%
Jagged Peak Ancient Dragon Senessax
61%
Caelid Decaying Ekzykes
61%
Consecrated Snowfield Great Wyrm Theodorix
61%
Dragonbarrow Flying Dragon Greyll
56%
No matching quizzes found
Score Distribution
Percent of People with Each Score
Percentile by Number Answered
Your Score History
You have not taken this quiz